000 00644nam a2200205Ia 4500
001 21882
003 GE_BSU
008 181216s||||||||xx |||||||||||||| ||und||
040 _cGE_BSU
245 _aorman fakultesi dergisi #2. 2009
245 _cEditor Aydin Tufekcioglu
250 _aArtvin coruh universitesi
260 _aArtvin
260 _c2009
300 _a123 p. 27 cm. ill.
653 _aorman fakultesi dergisi #2. 2009
653 _aТурецкий журнал. Факультет лесоводства
653 _aთურქული ჟურნალი. სატყეო ფაკულტეტი
942 _cCR
999 _c54813
_d54813